000 00492nam a2200157Ia 4500
999 _c35402
_d35402
003 OSt
005 20201216121551.0
008 190216s9999||||xx |||||||||||||| ||und||
040 _coclc
082 _a658.314
_bKUM/H
100 _aKumar, Yogesh
_93334
245 0 _aHow To Take Disciplinary Action Against Employees And Punishments /
_cYogesh Kumar
260 _bEagle Publications,
_aNew Delhi:
300 _a85p
942 _cREF
_2ddc
_h658.314
_iKUM/H
_k658.314
_mKUM/H